000 00749nam a2200205 i 4500
001 129469
003 ES-MaACL
005 20250410063055.0
007 t|
008 070615s1905 sp ||||1| spa d
080 _a929.52 Pardo de Figueroa
100 1 _aThebussem,
_cDoctor,
_d1828-1918
_9109885
245 1 0 _aNotas genealógicas que para tomar el hábito de Santiago, presentaron Mariano, Francisco y Rafael Pardo de Figueroa, Serna, Manso de Andrade y Pareja /
_cDoctor Thebussem.
250 _a2ª ed.
260 _a[Villanueva y Geltrú :
_bJuan Oliva y Milá],
_c1905.
300 _a110 p. ;
_c30 cm.
600 1 4 _aPardo de Fuigueroa (Familia)-
_xGenealogía.
_988993
852 _aES-MaACL
_jG-5958
999 _c129469
_d129469